Anglijskij tolkovyj slovar' po kibernetike i prikladnoj matematike

Salvato in:
Dettagli Bibliografici
Natura: Libro
Lingua:russo
inglese
Pubblicazione: Moskva Universitet 1986
Edizione:1. izd.
Tags: Aggiungi Tag
Nessun Tag, puoi essere il primo ad aggiungerne!!

MARC

LEADER 00000nam a2200000 4500
001 c032620
005 20260128081009.8
041 0 |a rus 
041 0 |a eng 
044 |a RU 
245 1 0 |a Anglijskij tolkovyj slovar' po kibernetike i prikladnoj matematike  |c Red. M.M. Gluško 
250 |a 1. izd. 
264 1 |a Moskva  |b Universitet  |c 1986 
300 |a 183 s.